Economics principles and applications. (Record no. 212307)

MARC details
000 -LEADER
fixed length control field 00393nam a2200145Ia 4500
008 - FIXED-LENGTH DATA ELEMENTS--GENERAL INFORMATION
fixed length control field 210719s1948 xx 000 0 und d
041 ## - LANGUAGE CODE
Language code of text/sound track or separate title eng
082 ## - DEWEY DECIMAL CLASSIFICATION NUMBER
Classification number 330 DODA
100 ## - MAIN ENTRY--PERSONAL NAME
Personal name DODD (James Harvey) & HASEK (C W)
245 ## - TITLE STATEMENT
Title Economics principles and applications.
260 ## - PUBLICATION, DISTRIBUTION, ETC.
Place of publication, distribution, etc. NY
Name of publisher, distributor, etc. South Western Publishing Co.
Date of publication, distribution, etc. 1948
300 ## - PHYSICAL DESCRIPTION
Extent VI,729
Other physical details HB
365 ## - TRADE PRICE
Currency code Rs
650 ## - SUBJECT ADDED ENTRY--TOPICAL TERM
Topical term or geographic name entry element Economic Theory
Holdings
Withdrawn status Lost status Source of classification or shelving scheme Damaged status Not for loan Collection code Home library Current library Shelving location Date acquired Total Checkouts Full call number Barcode Date last seen Price effective from Koha item type
    Dewey Decimal Classification       St Aloysius Library St Aloysius Library Secondary stack section 02/02/1995   330 DODA D00333 07/19/2021 07/19/2021 Donated Books